Административные Единицы Каждой Страны - Statistics

General Stats
  • This quiz has been taken 60 times
  • The average score is 88 of 192
Answer Stats
Страна Регион % Correct
Мьянма Административная область
100%
Италия Регион
97%
Судан Провинция
97%
Армения Марз
94%
Бангладеш | Беларусь | Болгария | +5 others Область
94%
Мавритания Вилайет
94%
Эфиопия Регион
94%
Австралия | Бразилия | Венесуэла | +8 others Штат
91%
Южная Корея Провинция
88%
Финляндия Регион
84%
Новая Зеландия Район
75%
Северная Корея Провинция
72%
Ангола | Аргентина | Бурунди | +30 others Провинция
69%
Камбоджа Кхэт
69%
Лаос Кхуэнг
69%
Коморы Автономный регион
66%
Непал Провинция
66%
Гренада Приход
63%
Маврикий | Саудовская Аравия Административный округ
63%
Белиз | Ботсвана | Восточный Тимор | +15 others Округ
59%
Азербайджан | Багамы | Лесото | +3 others Район
53%
Бельгия | Буркина-Фасо | Гайана | +17 others Регион
53%
Грузия | Латвия | Чехия Край
53%
Кипр Епархия
53%
Танзания Мкоа
53%
Германия Земля
50%
Австрия Федеральная земля
47%
Словакия Край
47%
Ирландия | Либерия Графство
31%
Люксембург | Швейцария Кантон
28%
Объединённые Арабские Эмираты Эмират
28%
ЦАР | Япония Префектура
25%
Литва | Эстония Уезд
19%
Польша Воеводство
19%
Великобритания Страна
13%
Монголия Аймак
13%
Андорра Община
9%
Барбадос | Доминика | Сент-Винсент и Гренадины | +3 others Приход
9%
Бенин | Боливия | Гаити | +8 others Департамент
9%
Испания Автономное сообщество
9%
Алжир | Тунис Вилайет
6%
Афганистан Вилаят
6%
Кабо-Верде | Катар | Маршалловы Острова Муниципалитет
6%
Ливия Шаабия
6%
Румыния Жудец
6%
Сан-Марино Коммуна
6%
Туркмения Вилает
6%
Греция Децентрализованная администрация
6%
Албания Кярк
3%
Антигуа и Барбуда | Лихтенштейн | Северная Македония | +2 others Община
3%
Бахрейн | Египет | Иордания | +5 others Мухафаза
3%
Венгрия Медье
3%
Иран Остан
3%
Мальта Местный совет
3%
Тувалу Островной совет
3%
Турция Ил
3%
Узбекистан Вилоят
3%
Швеция Лен
3%
Босния и Герцеговина Энтитет
0%
Бруней Даера
0%
Бутан Дзонгдэй
0%
Исландия Сисла
0%
Мальдивы Атолл
0%
Норвегия Фюльке
0%
Самоа Итумало
0%
Хорватия Жупания
0%
No matching quizzes found
Score Distribution
Percent of People with Each Score
Percentile by Number Answered
Your Score History
You have not taken this quiz